000 00299nam a22001337a 4500
008 190227b xxu||||| |||| 00| 0 eng d
020 _a9780195329520
041 _aeng
080 _23rd
_a101
100 _a24
101 _aFIL
245 _aIntroducing Philosophy
_cSolomon, R.C
942 _2udc
_cBK
999 _c54378
_d54378